000 00576cam a2200193 4500
008 121113n 000 0 eng u
020 _a0805211187
035 _a(Sirsi) a177700
040 _aCIP
050 _aBF 698.2 BER 1999
100 _aLewis, Bernard.
245 _aThe multiple identities of the middle east/
_cBernard Lewis
260 _aNewyork :
_bShocken books,
_c1999.
300 _axi, 155p. :
_bill.
500 _a
504 _aincludes bibilographic references and indexes
650 _aidentities
650 _aidentities - personality (psycology)
999 _c118469
_d118469